000 00913nam a22002537a 4500
999 _c11506
_d11506
003 AR-CdUCM
008 190404b ||||| |||| 00| 0 spa d
040 _aMUNICIPALIDAD PROVINCIAL DEL CUSCO
_cBIBLIOTECA MUNICIPAL DEL CUSCO
082 _a918.5 /
_bD72 / 1947
100 _aSartiges, De
_928913
245 _aDos viajeros franceses en el Perú Republicano /
260 _aLima :
_bCultura Antártica,
_c1947.
300 _a216 páginas ;
_c24 cm.
440 _aViajeros en el Perú ;
_nPrimera serie ; 2
_928914
505 _aContenido: Viaje a las repúblicas de américa del sur -- Bolivia - el alto Perú -- El bajo Perú -- La república peruana ...
650 _aPerú
_935
650 _aHistoria
_9136
650 _aRepública
_9831
650 _aDescripciones y viajes
_9497
700 _aBotmiliau
_928915
700 _aRomero, Emilia (traducción)
_928916
942 _2ddc
_cLIBROS
945 _aacv